000 00829nam a22002177a 4500
003 UA-OsUOA
001 71122
007 ta
008 20101005b un ||||| |||| 00| 0 ukr d
100 _aОмельчук С.
090 _a81
_bО-57
942 _cSA
040 _aUA-OsUOA
_bukr
_cUA-OsUOA
_dUA-OsUOA
245 _aДослідницькі завдання з морфології на основі логічних розумових операцій ( на матеріалі розділу "Прислівники")
300 _aС.2-7
955 _a0
041 _aukr
080 _a81
773 0 _w71121
_tУкраїнська мова і література в школі
_dК.
_d2010
_g5
650 7 _a8 Мовознавство. Художня література. Літературознавство
_2UDC
999 _c357395
_d357395